| 000 | 01015nam a2200241 a 4500 | ||
|---|---|---|---|
| 999 |
_c12534 _d12534 |
||
| 001 | 12534 | ||
| 003 | BD-JhCC | ||
| 005 | 20220808105156.0 | ||
| 008 | 220808s20192021bg ||| |||| 00| 0 ban d | ||
| 035 | _a(BD-JhCC)12534 | ||
| 040 |
_aBD-JhCC _dBD-JhCC |
||
| 041 | _aban | ||
| 082 |
_a390 _bALG 2021 |
||
| 100 | _aআল গাজালি, মুহাম্মাদ | ||
| 245 |
_aমুসলিম চরিত্র : _bএকজন মুসলিমের পূর্ণাঙ্গ চারিত্রিক রূপরেখা / _cমুহাম্মাদ আল গাজালি, আলী আহমাদ মাবরুর (অনু.) |
||
| 260 |
_aঢাকা : _bগার্ডিয়ান, _c২০২১। |
||
| 300 |
_a১৯৮ পৃ. : _c২১ পৃ. : |
||
| 504 | _aগ্রন্থপঞ্জি অন্তর্ভূক্ত। | ||
| 650 | _aislam | ||
| 650 | _aManner Etiquette | ||
| 700 | _aমাবরুর, আলী আহমাদ | ||
| 942 |
_2ddc _cBK |
||